| 000 | 00737nam a22002417a 4500 | ||
|---|---|---|---|
| 999 |
_c14619 _d14619 |
||
| 003 | AR-CdUCM | ||
| 008 | 190424b ||||| |||| 00| 0 spa d | ||
| 020 | _a978-84-9825-424-2 | ||
| 040 |
_aMUNICIPALIDAD PROVINCIAL DEL CUSCO _cBIBLIOTECA MUNICIPAL DEL CUSCO |
||
| 041 | _hita | ||
| 082 |
_28ed. _aPI / 376.1 / _bG78 |
||
| 110 |
_aCombel _932671 |
||
| 245 | _aLa granja al Dedill / | ||
| 260 |
_aBarcelona : _bCombel, _c2009. |
||
| 300 |
_bilustraciones, _c20 cm. |
||
| 650 |
_aAprendizaje infantil _933271 |
||
| 650 |
_aPrimera infancia _924660 |
||
| 650 |
_aLiteratura infantil _9588 |
||
| 700 |
_aDeneux, Xavier (ilustraciones) _933470 |
||
| 710 |
_aCombel Editorial _933005 |
||
| 942 |
_2ddc _cLIBROS |
||
| 945 |
_aachl _d2019-04-24 |
||